[Event "Portugalete Bizkaia-ch U16"]
[Site "Portugalete"]
[Date "2018.12.28"]
[Round "2.1"]
[White "Cretu Vacarita, Cristian"]
[Black "Rodriguez Avila, Alvaro"]
[Result "0-1"]
[WhiteElo "1717"]
[BlackElo "1785"]
[PlyCount "64"]
[EventDate "2018.12.27"]
[EventType "swiss"]
[EventRounds "5"]
[EventCountry "ESP"]
[SourceTitle "EXT 2024"]
[Source "ChessBase"]
[SourceDate "2023.10.10"]
[SourceVersion "1"]
[SourceVersionDate "2023.10.10"]
[SourceQuality "1"]

1. e4 e6 2. d4 d5 3. Nc3 Nf6 4. e5 Nfd7 5. Be3 c5 6. Nge2 Nc6 7. Qd2 cxd4 8. Bxd4 Ncxe5 9. Ng3 Bd6 10. Nb5 Bb8 11. 0-0-0 0-0 12. Re1 a6 13. Nc3 b5 14. f4 Nc6 15. Be3 Nb6 16. Rd1 b4 17. Nb1 Bb7 18. Qf2 Bc7 19. Ne2 Nc4 20. Bc5 Qf6 21. c3 Rfc8 22. g3 Ba5 23. Nd4 bxc3 24. Nxc3 Bxc3 25. bxc3 Nxd4 26. Bxd4 Qe7 27. Bxc4 Rxc4 28. Rd2 Rac8 29. Rb2 Qa3 30. Kd1 Bc6 31. Ke1 Bb5 32. Rb3 Qc1+ 0-1